| 000 | nam a22 7a 4500 | ||
|---|---|---|---|
| 999 |
_c330196 _d330196 |
||
| 003 | NUST | ||
| 005 | 20170613122201.0 | ||
| 008 | 170613b xxu||||| |||| 00| 0 eng d | ||
| 020 | _a8123914504 | ||
| 040 | _c0 | ||
| 082 | _a574.5 NAR | ||
| 100 |
_aNarayanan,P _92546 |
||
| 245 |
_aEnvironmental Pollution: _bPrinciples,Analysis and Control _cP.Narayanan |
||
| 260 |
_aNew Delhi _bCBS Publishers _c2007 |
||
| 300 | _a671p. | ||
| 500 | _aH.B | ||
| 942 |
_2ddc _cBK _kIESE |
||